[Event "Antwerp op"]
[Site "Antwerp"]
[Date "1996.??.??"]
[Round "7"]
[White "Ljubojevic, Ljubomir"]
[Black "Enklaar, Bert F"]
[Result "0-1"]
[WhiteElo "2595"]
[BlackElo "2390"]
[PlyCount "78"]
[EventDate "1996.07.??"]
[EventType "swiss"]
[EventRounds "9"]
[EventCountry "BEL"]
[SourceTitle "EXT 1997"]
[Source "ChessBase"]
[SourceDate "1996.11.15"]
[SourceVersion "1"]
[SourceVersionDate "1996.11.15"]
[SourceQuality "1"]

1. c4 c5 2. Nf3 Nf6 3. Nc3 Nc6 4. d4 cxd4 5. Nxd4 e6 6. g3 Ne5 7. e4 Bb4 8. Qe2 0-0 9. f4 Nc6 10. Nxc6 dxc6 11. e5 Bxc3+ 12. bxc3 Qa5 13. exf6 Qxc3+ 14. Kf2 Qd4+ 15. Kf3 Qxa1 16. Bb2 Qxa2 17. Qc2 Qa5 18. g4 g6 19. h4 c5 20. Bc3 Qc7 21. Kg3 Bd7 22. h5 Be8 23. Be5 Qd7 24. Qh2 Qd1 25. Be2 Qb3+ 26. Kf2 g5 27. fxg5 Bc6 28. Rc1 Rfd8 29. g6 Rd2 30. Qf4 Rad8 31. Bc3 e5 32. Qh6 Rxe2+ 33. Kg3 Rg2+ 34. Kh4 Rxg4+ 35. Kxg4 Qxc4+ 36. Kg3 Rd3+ 37. Kf2 Qh4+ 38. Ke2 Qe4+ 39. Kf2 Rf3+ 0-1

[Event "Antwerp op"]
[Site "Antwerp"]
[Date "1996.??.??"]
[Round "3"]
[White "Schabanel, Stephane"]
[Black "Enklaar, Bert F"]
[Result "0-1"]
[WhiteElo "2230"]
[BlackElo "2390"]
[PlyCount "50"]
[EventDate "1996.07.??"]
[EventType "swiss"]
[EventRounds "9"]
[EventCountry "BEL"]
[SourceTitle "EXT 1999"]
[Source "ChessBase"]
[SourceDate "1998.11.16"]
[SourceVersion "1"]
[SourceVersionDate "1998.11.16"]
[SourceQuality "1"]

1. e4 e5 2. f4 exf4 3. Nc3 Nc6 4. d4 Qh4+ 5. Ke2 b6 6. Nb5 Ba6 7. c4 0-0-0 8. Qa4 Kb7 9. Bd2 d5 10. exd5 Rxd5 11. Nf3 Qh5 12. Ke1 Bxb5 13. cxb5 Nxd4 14. Nxd4 Qe5+ 15. Ne2 Rxd2 16. Kxd2 Qxb2+ 17. Qc2 Bb4+ 18. Kd3 Qe5 19. Nd4 Ne7 20. Qe2 Qc5 21. Qe4+ Kb8 22. Rd1 Rd8 23. Qxf4 Nf5 24. Ke4 Nxd4 25. Qe5 f5+ 0-1

[Event "Casino op 3rd"]
[Site "Velden"]
[Date "1995.??.??"]
[Round "7"]
[White "Enklaar, Bert F"]
[Black "Petschar, Kurt"]
[Result "1-0"]
[WhiteElo "2466"]
[BlackElo "2242"]
[PlyCount "109"]
[EventDate "1995.06.30"]
[EventType "swiss"]
[EventRounds "9"]
[EventCountry "AUT"]
[SourceTitle "EXT 2022"]
[Source "ChessBase"]
[SourceDate "2021.10.06"]
[SourceVersion "1"]
[SourceVersionDate "2021.10.06"]
[SourceQuality "1"]

1. d4 d5 2. c4 c6 3. Nc3 Nf6 4. e3 e6 5. Nf3 Nbd7 6. Qc2 Bd6 7. g4 dxc4 8. Bxc4 b5 9. Bd3 Nd5 10. Ne4 Be7 11. a3 Bb7 12. Bd2 a5 13. Ne5 Nxe5 14. dxe5 Qc7 15. f4 Qb6 16. Ke2 c5 17. b3 a4 18. Rhb1 axb3 19. Rxb3 Ba6 20. Qb1 b4 21. Bxa6 Qxa6+ 22. Kf2 0-0 23. Nd6 Bxd6 24. exd6 Qxd6 25. Qd3 Qc7 26. Rc1 bxa3 27. Rxa3 Rxa3 28. Qxa3 c4 29. Kg3 Nf6 30. Bb4 Rc8 31. h3 h6 32. Bc3 Ne4+ 33. Kh2 Qd7 34. Bd4 Qd8 35. Qb2 Qh4 36. Qg2 Nd6 37. Be5 Qe7 38. Rd1 Ne8 39. Bc3 Nf6 40. g5 Nd5 41. gxh6 g6 42. Bd4 Qh4 43. f5 Qxh6 44. fxe6 fxe6 45. Qe4 Kf7 46. Ra1 Qh5 47. Ra7+ Rc7 48. Rxc7+ Nxc7 49. Qf4+ Kg8 50. Qxc7 Qe2+ 51. Kg3 Qe1+ 52. Kg4 Qe2+ 53. Kg5 Qh5+ 54. Kf6 Qf5+ 55. Ke7 1-0

[Event "NED-chT 9596"]
[Site "Netherlands"]
[Date "1995.??.??"]
[Round "?"]
[White "Enklaar, Bert F"]
[Black "Van Laatum, Gozewijn"]
[Result "1-0"]
[WhiteElo "2400"]
[BlackElo "2370"]
[PlyCount "68"]
[EventDate "1995.??.??"]
[EventType "team"]
[EventRounds "9"]
[EventCountry "NED"]
[SourceTitle "EXT 1999"]
[Source "ChessBase"]
[SourceDate "1998.11.16"]
[SourceVersion "1"]
[SourceVersionDate "1998.11.16"]
[SourceQuality "1"]

1. d4 Nf6 2. c4 g6 3. Nc3 Bg7 4. e4 d6 5. f3 0-0 6. Bg5 a6 7. Qd2 c6 8. Bd3 b5 9. Nge2 Nbd7 10. 0-0 bxc4 11. Bxc4 d5 12. Bb3 Nb6 13. e5 Ne8 14. Na4 f6 15. exf6 exf6 16. Bf4 Nc4 17. Bxc4 dxc4 18. Nc5 g5 19. Be3 Nd6 20. Ng3 Re8 21. Rae1 Nf5 22. Bf2 Nxg3 23. hxg3 Bf5 24. Rxe8+ Qxe8 25. g4 Bg6 26. Re1 Qd8 27. Qb4 Bf7 28. Ne6 Rb8 29. Qa3 Qc8 30. Bg3 Rb5 31. Nc5 Qd8 32. Qxa6 Rxb2 33. Ne4 c3 34. Qxc6 c2 1-0

[Event "Bussum op"]
[Site "Bussum"]
[Date "1995.??.??"]
[Round "4"]
[White "Schmittdiel, Eckhard"]
[Black "Enklaar, Bert F"]
[Result "1-0"]
[WhiteElo "2485"]
[BlackElo "2420"]
[PlyCount "101"]
[EventDate "1995.??.??"]
[EventType "swiss"]
[EventRounds "7"]
[EventCountry "NED"]
[SourceTitle "EXT 1997"]
[Source "ChessBase"]
[SourceDate "1996.11.15"]
[SourceVersion "1"]
[SourceVersionDate "1996.11.15"]
[SourceQuality "1"]

1. e4 e5 2. Nf3 Nc6 3. d4 exd4 4. Nxd4 Bc5 5. Be3 Qf6 6. c3 Nge7 7. Bc4 Ne5 8. Be2 Qg6 9. 0-0 0-0 10. Nd2 d5 11. Nf5 Bxf5 12. Bxc5 Bh3 13. Bf3 Rfe8 14. Bxe7 Rxe7 15. exd5 Rd8 16. Re1 c6 17. Nc4 f6 18. Nxe5 fxe5 19. Qa4 Rf8 20. Be4 Rf4 21. Bxg6 Rxa4 22. Be4 Bd7 23. b3 Ra3 24. Re2 a5 25. Rc2 cxd5 26. Bxd5+ Be6 27. Rd1 Kf7 28. Kf1 a4 29. b4 Rc7 30. Bxe6+ Kxe6 31. Rd3 e4 32. Re3 Kf5 33. Ke1 Rd7 34. f3 exf3 35. Rxf3+ Kg4 36. Ke2 h5 37. Rd3 Rf7 38. Rg3+ Kh4 39. Rd2 g5 40. Rh3+ Kg4 41. Rf3 Rxf3 42. gxf3+ Kf4 43. Rc2 h4 44. Kf2 h3 45. Ke2 Ke5 46. Kd2 Kf4 47. Kc1 Ke3 48. Kb2 Kd3 49. c4 Rxa2+ 50. Kxa2 Kxc2 51. c5 1-0

[Event "Casino op 3rd"]
[Site "Velden"]
[Date "1995.??.??"]
[Round "6"]
[White "Wahls, Matthias"]
[Black "Enklaar, Bert F"]
[Result "1-0"]
[WhiteElo "2550"]
[BlackElo "2400"]
[PlyCount "87"]
[EventDate "1995.06.30"]
[EventType "swiss"]
[EventRounds "9"]
[EventCountry "AUT"]
[SourceTitle "EXT 1997"]
[Source "ChessBase"]
[SourceDate "1996.11.15"]
[SourceVersion "1"]
[SourceVersionDate "1996.11.15"]
[SourceQuality "1"]

1. e4 e5 2. Nf3 Nc6 3. Bb5 a6 4. Ba4 Nf6 5. 0-0 Be7 6. Re1 b5 7. Bb3 0-0 8. c3 d5 9. exd5 Nxd5 10. Nxe5 Nxe5 11. Rxe5 c6 12. d4 Bd6 13. Re2 Bg4 14. f3 Bh5 15. Bxd5 cxd5 16. Nd2 f5 17. Nf1 f4 18. Qb3 Bf7 19. a4 b4 20. cxb4 Qb6 21. Qd1 Rfe8 22. Rxe8+ Rxe8 23. b5 Be5 24. Kh1 Bxd4 25. Bxf4 Bxb2 26. Rb1 Bc3 27. Qd3 d4 28. bxa6 Qc6 29. Qb5 Bd5 30. Ng3 Qe6 31. Ne4 Bc6 32. Qb6 h6 33. a7 Kh7 34. Be5 Qa2 35. Nxc3 dxc3 36. Bxc3 Qxa4 37. Qc7 Rg8 38. Ra1 Qb5 39. h3 Ba8 40. Re1 Qg5 41. Re7 Qg6 42. h4 Qb1+ 43. Kh2 Qg6 44. Qe5 1-0

[Event "OHRA Open"]
[Site "Amsterdam"]
[Date "1985.07.26"]
[Round "9"]
[White "Georgiev, Kiril"]
[Black "Enklaar, Bert F"]
[Result "1-0"]
[WhiteElo "2535"]
[BlackElo "2395"]
[PlyCount "79"]
[EventDate "1985.07.16"]
[EventType "swiss"]
[EventRounds "9"]
[EventCountry "NED"]
[SourceTitle "MCD"]
[Source "ChessBase"]
[SourceDate "1999.07.01"]
[SourceVersion "1"]
[SourceVersionDate "1999.07.01"]
[SourceQuality "1"]

1. Nf3 d5 2. d4 Nf6 3. c4 e6 4. g3 Bb4+ 5. Bd2 Be7 6. Bg2 0-0 7. 0-0 c6 8. Qc2 Ne4 9. Be3 Nd6 10. Nbd2 Nd7 11. Bf4 f5 12. b4 a6 13. a4 Nxc4 14. Nxc4 dxc4 15. Qxc4 Nb6 16. Qb3 Qd5 17. Qb2 Qd8 18. Ne5 Nd5 19. Bd2 Bd7 20. Rfe1 Be8 21. Nd3 Bg6 22. Nc5 Bxc5 23. bxc5 Rf7 24. Ra3 Qe7 25. Rb3 Rd8 26. Qc1 Nf6 27. Qc4 Nd5 28. Bf4 Rd7 29. Be5 h6 30. e3 Bh7 31. Bf3 Bg6 32. Bg2 Bh7 33. f3 Nf6 34. Bh3 g5 35. Bd6 Qe8 36. e4 b5 37. cxb6 g4 38. Bc7 Rxc7 39. bxc7 Rxc7 40. fxg4 1-0

[Event "NED Open-ch15"]
[Site "Dieren"]
[Date "1984.08.09"]
[Round "9"]
[White "Bohm, Hans"]
[Black "Enklaar, Bert F"]
[Result "1-0"]
[WhiteElo "2410"]
[BlackElo "2395"]
[PlyCount "109"]
[EventDate "1984.07.30"]
[EventType "swiss"]
[EventRounds "9"]
[EventCountry "NED"]
[SourceTitle "EXT 2002"]
[Source "ChessBase"]
[SourceDate "2001.11.25"]
[SourceVersion "1"]
[SourceVersionDate "2001.11.25"]
[SourceQuality "1"]

1. d4 d5 2. c3 c5 3. Bf4 Nc6 4. e3 e6 5. Nf3 Bd6 6. Bxd6 Qxd6 7. Nbd2 Nge7 8. Bd3 Bd7 9. 0-0 0-0 10. Re1 c4 11. Bc2 f5 12. Nf1 b5 13. N3d2 Rab8 14. a3 a5 15. f3 Be8 16. e4 fxe4 17. fxe4 Bg6 18. Ng3 e5 19. Nf3 exd4 20. Nxd4 Qc5 21. Kh1 Rf2 22. exd5 Nxd4 23. cxd4 Qxd5 24. Ne4 Rf4 25. Nc3 Qd6 26. Bxg6 hxg6 27. Qe2 Nc6 28. Rad1 Rxd4 29. a4 Rxd1 30. Rxd1 Qe5 31. Qg4 Rd8 32. axb5 Rxd1+ 33. Qxd1 Nb8 34. h3 Qc7 35. Qg4 Kf7 36. Nd5 Qc5 37. Qf4+ Ke6 38. Nc3 Nd7 39. Qg4+ Ke7 40. Qxg6 Qe5 41. Qc6 Qe1+ 42. Kh2 Ne5 43. Qc5+ Ke6 44. Qd5+ Ke7 45. Qd4 g5 46. Nd5+ Ke6 47. Ne3 Qb4 48. Qd5+ Kf6 49. Qd8+ Kf7 50. Qd5+ Kf6 51. Qd8+ Kf7 52. Qc7+ Ke6 53. Qc8+ Nd7 54. Qg8+ Kd6 55. Qd5+ 1-0

[Event "NED Open-ch15"]
[Site "Dieren"]
[Date "1984.08.05"]
[Round "6"]
[White "Enklaar, Bert F"]
[Black "Nijboer, Friso"]
[Result "1-0"]
[WhiteElo "2395"]
[BlackElo "2285"]
[PlyCount "119"]
[EventDate "1984.07.30"]
[EventType "swiss"]
[EventRounds "9"]
[EventCountry "NED"]
[SourceTitle "EXT 2002"]
[Source "ChessBase"]
[SourceDate "2001.11.25"]
[SourceVersion "1"]
[SourceVersionDate "2001.11.25"]
[SourceQuality "1"]

1. d4 Nf6 2. c4 e6 3. Nc3 Bb4 4. e3 b6 5. Bd3 Bb7 6. Nf3 Ne4 7. Qc2 f5 8. 0-0 Bxc3 9. bxc3 0-0 10. Ne1 c5 11. f3 Ng5 12. Be2 d6 13. Nd3 Na6 14. a4 Nf7 15. Nf2 g6 16. e4 Qf6 17. d5 Nc7 18. exf5 exf5 19. f4 Rae8 20. Bd3 a5 21. Rb1 Na8 22. Bd2 Bc8 23. Nd1 Bb7 24. Ne3 Nh6 25. h3 Re7 26. Rf3 Qf7 27. Qd1 Kh8 28. Bc2 Ng8 29. Be1 Nf6 30. Bh4 Ree8 31. Nf1 Qg7 32. Qd3 Ne4 33. Nh2 Qh6 34. g3 Qg7 35. Rbf1 h6 36. g4 h5 37. g5 Re7 38. Re3 Rfe8 39. Rfe1 Nc7 40. Nf3 Kg8 41. Kg2 Kf8 42. Bd1 Bc8 43. Qc2 Ba6 44. Qb3 Qg8 45. Rd3 Qg7 46. Kg1 Qh8 47. Re2 Rc8 48. Be1 b5 49. axb5 Nxb5 50. Rde3 Nc7 51. Nh4 Kf7 52. Rb2 Qe8 53. Nxf5 a4 54. Qa2 a3 55. Rb6 Nxc3 56. Bxc3 Rxe3 57. Nxd6+ Kf8 58. Nxe8 Rcxe8 59. Rf6+ Kg7 60. Qd2 1-0

[Event "Nijmegen RABO"]
[Site "Nijmegen"]
[Date "1984.02.11"]
[Round "2"]
[White "Enklaar, Bert F"]
[Black "Ligterink, Gert"]
[Result "0-1"]
[WhiteElo "2395"]
[BlackElo "2445"]
[PlyCount "58"]
[EventDate "1984.02.11"]
[EventType "tourn (rapid)"]
[EventRounds "7"]
[EventCountry "NED"]
[EventCategory "8"]
[SourceTitle "EXT 2014"]
[Source "ChessBase"]
[SourceDate "2013.11.20"]
[SourceVersion "1"]
[SourceVersionDate "2013.11.20"]
[SourceQuality "1"]

1. d4 Nf6 2. c4 e6 3. Nc3 Bb4 4. e3 c5 5. Bd3 Nc6 6. Nge2 d5 7. 0-0 cxd4 8. exd4 dxc4 9. Bxc4 Bd6 10. Qd3 b6 11. Rd1 Bb7 12. Qh3 Rc8 13. Bg5 h6 14. d5 Ne5 15. Bb5+ Ke7 16. Bxf6+ gxf6 17. Nd4 Rg8 18. Bf1 Bc5 19. Kh1 Ng4 20. Qh4 Bxd5 21. h3 Bxd4 22. Rxd4 Bxg2+ 23. Bxg2 Qxd4 24. Ne4 Nxf2+ 25. Qxf2 Qxf2 26. Nxf2 Rc2 27. Rf1 Rxb2 28. a4 f5 29. Bb7 Rg3 0-1

[Event "Nijmegen RABO"]
[Site "Nijmegen"]
[Date "1984.02.11"]
[Round "5"]
[White "Huebner, Robert"]
[Black "Enklaar, Bert F"]
[Result "0-1"]
[WhiteElo "2620"]
[BlackElo "2395"]
[PlyCount "79"]
[EventDate "1984.02.11"]
[EventType "tourn (rapid)"]
[EventRounds "7"]
[EventCountry "NED"]
[EventCategory "8"]
[SourceTitle "EXT 2018"]
[Source "ChessBase"]
[SourceDate "2017.10.13"]
[SourceVersion "1"]
[SourceVersionDate "2017.10.13"]
[SourceQuality "1"]

1. c4 e6 2. Nf3 Nf6 3. Nc3 d5 4. d4 Be7 5. Bg5 0-0 6. e3 Nbd7 7. Qc2 a6 8. c5 Ne8 9. Bf4 b6 10. c6 Ndf6 11. Bd3 b5 12. 0-0 Nd6 13. Ne5 Rb8 14. f3 Rb6 15. a4 b4 16. a5 b3 17. Qe2 Rb4 18. Ra4 Nf5 19. Rfa1 Nh5 20. Bxf5 exf5 21. Nd3 Rc4 22. Nc1 Rxc6 23. Nxb3 Re8 24. Qd2 Bf8 25. Nc1 Rce6 26. Nd3 g5 27. Bg3 Nxg3 28. hxg3 Rxe3 29. Ne5 f4 30. gxf4 gxf4 31. Nd1 f6 32. Nd3 Bd7 33. R4a2 Bb5 34. Nxe3 fxe3 35. Qc3 Qd6 36. b3 Qg3 37. Qe1 Qg5 38. Rd1 Bd6 39. Re2 Bg3 40. f4 0-1

[Event "Nijmegen RABO"]
[Site "Nijmegen"]
[Date "1983.02.26"]
[Round "7"]
[White "Nijboer, Friso"]
[Black "Enklaar, Bert F"]
[Result "0-1"]
[WhiteElo "2285"]
[BlackElo "2395"]
[PlyCount "136"]
[EventDate "1983.02.26"]
[EventType "tourn (rapid)"]
[EventRounds "7"]
[EventCountry "NED"]
[EventCategory "7"]
[SourceTitle "EXT 2018"]
[Source "ChessBase"]
[SourceDate "2017.10.13"]
[SourceVersion "1"]
[SourceVersionDate "2017.10.13"]
[SourceQuality "1"]

1. c4 e6 2. Nf3 Nf6 3. g3 d5 4. Bg2 Be7 5. 0-0 0-0 6. b3 b6 7. Bb2 Bb7 8. d3 c5 9. e3 Nc6 10. Nc3 dxc4 11. dxc4 Nb4 12. Qe2 Qd3 13. Ne5 Qxe2 14. Nxe2 Bxg2 15. Kxg2 Bd6 16. a3 Bxe5 17. Bxe5 Nc6 18. Bxf6 gxf6 19. Rab1 Rfd8 20. Rfd1 Na5 21. Rdc1 Rac8 22. Rc2 Rd3 23. Nc1 Rd1 24. Rbb2 Kg7 25. h4 h5 26. Kf3 Rcd8 27. b4 Nb7 28. Nb3 Rc8 29. bxc5 Nxc5 30. Nxc5 Rxc5 31. Rb5 Rxb5 32. cxb5 Ra1 33. Rc3 f5 34. e4 Kf6 35. exf5 Kxf5 36. Kg2 f6 37. Re3 e5 38. Rc3 Ra2 39. Kf3 Rb2 40. a4 Rb4 41. Ra3 Ke6 42. a5 Rxb5 43. axb6 axb6 44. Ra8 Rb3+ 45. Kg2 e4 46. Rh8 Rb5 47. Kf1 Rc5 48. Rb8 b5 49. Ke2 Ke5 50. Ke3 Rc3+ 51. Ke2 Rb3 52. Rh8 Kd4 53. Rxh5 Rb2+ 54. Kf1 e3 55. fxe3+ Kxe3 56. Rf5 b4 57. Rxf6 b3 58. Rb6 Kf3 59. Ke1 Ke3 60. Kf1 Rf2+ 61. Kg1 Rb2 62. Kf1 Rb1+ 63. Kg2 Kd3 64. h5 Kc3 65. g4 b2 66. Kf2 Rh1 67. Kg2 b1Q 68. Rxb1 Rxb1 0-1

[Event "Nijmegen RABO"]
[Site "Nijmegen"]
[Date "1983.02.26"]
[Round "5"]
[White "Sosonko, Gennadi"]
[Black "Enklaar, Bert F"]
[Result "0-1"]
[WhiteElo "2585"]
[BlackElo "2395"]
[PlyCount "104"]
[EventDate "1983.02.26"]
[EventType "tourn (rapid)"]
[EventRounds "7"]
[EventCountry "NED"]
[EventCategory "7"]
[SourceTitle "EXT 2018"]
[Source "ChessBase"]
[SourceDate "2017.10.13"]
[SourceVersion "1"]
[SourceVersionDate "2017.10.13"]
[SourceQuality "1"]

1. d4 e6 2. c4 f5 3. g3 Nf6 4. Bg2 Be7 5. Nf3 0-0 6. 0-0 d5 7. b3 c6 8. Ba3 Bd7 9. Ne5 Be8 10. Bxe7 Qxe7 11. Nd2 Nbd7 12. Qc2 Rd8 13. Nxd7 Bxd7 14. b4 Be8 15. cxd5 exd5 16. Nf3 Qxb4 17. Qxf5 Bg6 18. Qg5 Rde8 19. Ne5 Qxd4 20. Nxg6 hxg6 21. Rab1 Rf7 22. Bf3 Kh7 23. a3 Re5 24. Qc1 Ne4 25. Rb4 Qc3 26. Qb1 Qxa3 27. Bxe4 Rxe4 28. Rxe4 dxe4 29. Qxe4 Qe7 30. Qg4 Qc5 31. e4 a5 32. Qe2 Qd4 33. e5 Re7 34. e6 a4 35. Re1 a3 36. Qa2 Qb4 37. Re3 b5 38. Qc2 Qd6 39. Qb3 b4 40. Re4 c5 41. Qc4 g5 42. h4 g4 43. h5 Qd1+ 44. Kh2 Qf3 45. Rf4 Qa8 46. Rf7 Rxf7 47. exf7 Qf3 48. Qc2+ Kh8 49. Qxc5 Qxf7 50. Qxb4 Qxf2+ 51. Kh1 a2 52. Qf8+ Qxf8 0-1

[Event "Nijmegen RABO"]
[Site "Nijmegen"]
[Date "1983.02.26"]
[Round "3"]
[White "Van der Wiel, John"]
[Black "Enklaar, Bert F"]
[Result "1/2-1/2"]
[WhiteElo "2530"]
[BlackElo "2395"]
[PlyCount "96"]
[EventDate "1983.02.26"]
[EventType "tourn (rapid)"]
[EventRounds "7"]
[EventCountry "NED"]
[EventCategory "7"]
[SourceTitle "EXT 2018"]
[Source "ChessBase"]
[SourceDate "2017.10.13"]
[SourceVersion "1"]
[SourceVersionDate "2017.10.13"]
[SourceQuality "1"]

1. e4 e6 2. d4 d5 3. Nd2 Be7 4. Ngf3 Nf6 5. e5 Nfd7 6. c3 c5 7. a3 a5 8. Bd3 Nc6 9. 0-0 cxd4 10. cxd4 g5 11. Nb1 h5 12. Be3 g4 13. Ne1 a4 14. Nc3 Nb6 15. f3 Rg8 16. fxg4 hxg4 17. Qe2 Na5 18. Bb5+ Bd7 19. Qf2 Bxb5 20. Nxb5 Nbc4 21. Qxf7+ Kd7 22. Rf6 Ra6 23. Nd6 Nxd6 24. Qxe6+ Kc7 25. exd6+ Rxd6 26. Bf4 Bxf6 27. Bxd6+ Qxd6 28. Qxg8 Bxd4+ 29. Kh1 Bxb2 30. Rd1 Nc4 31. Rxd5 Qe7 32. Nd3 Bxa3 33. Qxg4 Nb6 34. Rg5 Kb8 35. h4 Bd6 36. Qd4 Bc7 37. Rg8+ Ka7 38. Qb4 Qxb4 39. Nxb4 a3 40. h5 Bf4 41. g4 Nd5 42. Na2 b5 43. g5 b4 44. Rd8 b3 45. Rxd5 Kb6 46. Rd3 b2 47. Rb3+ Kc5 48. g6 Bh6 1/2-1/2

[Event "Hoogovens M-4K"]
[Site "Wijk aan Zee"]
[Date "1983.01.15"]
[Round "2"]
[White "Enklaar, Bert F"]
[Black "Langeweg, Kick"]
[Result "0-1"]
[WhiteElo "2395"]
[BlackElo "2395"]
[PlyCount "64"]
[EventDate "1983.01.14"]
[EventType "tourn"]
[EventRounds "3"]
[EventCountry "NED"]
[EventCategory "5"]
[SourceTitle "EXT 2002"]
[Source "ChessBase"]
[SourceDate "2001.11.25"]
[SourceVersion "1"]
[SourceVersionDate "2001.11.25"]
[SourceQuality "1"]

1. d4 Nf6 2. c4 e6 3. Nc3 Bb4 4. e3 0-0 5. Bd3 d5 6. Nge2 b6 7. a3 Bd6 8. Ng3 dxc4 9. Bxc4 Bb7 10. 0-0 Nc6 11. b4 e5 12. d5 Ne7 13. Bb2 a6 14. Nge4 Ng6 15. Nxf6+ Qxf6 16. Qh5 e4 17. Bb3 a5 18. b5 Rae8 19. h3 Qd8 20. Rad1 Re5 21. Qe2 Qh4 22. Kh1 Bc8 23. f4 exf3 24. Rxf3 Bg4 25. Rdf1 Bxf3 26. Qxf3 Qe7 27. e4 f5 28. Qd1 fxe4 29. Ne2 Ref5 30. Rg1 Rf2 31. Bd4 e3 32. Qd3 Qh4 0-1

[Event "Hoogovens M-4K"]
[Site "Wijk aan Zee"]
[Date "1983.01.14"]
[Round "1"]
[White "Hartoch, Robert G"]
[Black "Enklaar, Bert F"]
[Result "1/2-1/2"]
[WhiteElo "2360"]
[BlackElo "2395"]
[PlyCount "81"]
[EventDate "1983.01.14"]
[EventType "tourn"]
[EventRounds "3"]
[EventCountry "NED"]
[EventCategory "5"]
[SourceTitle "EXT 2002"]
[Source "ChessBase"]
[SourceDate "2001.11.25"]
[SourceVersion "1"]
[SourceVersionDate "2001.11.25"]
[SourceQuality "1"]

1. e4 e6 2. d3 c5 3. Nc3 Nc6 4. g3 g6 5. Bg2 Bg7 6. f4 Nge7 7. Nf3 d6 8. 0-0 0-0 9. Be3 Nd4 10. Qd2 Bd7 11. Nd1 Nxf3+ 12. Bxf3 Nc6 13. c3 Qa5 14. Nf2 Rac8 15. a3 Qd8 16. b4 Nd4 17. Bxd4 cxd4 18. c4 b6 19. b5 e5 20. a4 h5 21. f5 Kh7 22. a5 Bh6 23. Qb4 Rc5 24. axb6 axb6 25. Ra7 Be3 26. Kg2 Kh8 27. Qb1 Rc7 28. Ra6 Rc8 29. Qd1 Rb8 30. Ra7 Ra8 31. Rxa8 Qxa8 32. Bxh5 gxf5 33. Bf3 Qa2 34. exf5 Bxf5 35. Be4 Bxe4+ 36. dxe4 Qxc4 37. Qh5+ Kg8 38. Qg5+ Kh8 39. Qh5+ Kg7 40. Qg5+ Kh8 41. Qh5+ 1/2-1/2

[Event "Nijmegen RABO"]
[Site "Nijmegen"]
[Date "1982.02.13"]
[Round "3"]
[White "Borm, Frans"]
[Black "Enklaar, Bert F"]
[Result "0-1"]
[WhiteElo "2345"]
[BlackElo "2395"]
[PlyCount "80"]
[EventDate "1982.02.13"]
[EventType "tourn (rapid)"]
[EventRounds "7"]
[EventCountry "NED"]
[EventCategory "8"]
[SourceTitle "EXT 1998"]
[Source "ChessBase"]
[SourceDate "1997.11.17"]
[SourceVersion "1"]
[SourceVersionDate "1997.11.17"]
[SourceQuality "1"]

1. e4 e5 2. Nf3 Nf6 3. Nxe5 d6 4. Nf3 Nxe4 5. Qe2 Qe7 6. Nc3 Nf6 7. d4 c6 8. h3 Qxe2+ 9. Bxe2 Bf5 10. Bd1 Na6 11. a3 h6 12. Bf4 Be7 13. Kd2 Nc7 14. Re1 Kd7 15. Bh2 Rhe8 16. Be2 b5 17. Bd3 Bxd3 18. Kxd3 a5 19. Nd2 Bf8 20. Nde4 Nfd5 21. Nxd5 Nxd5 22. Nc3 Nb6 23. a4 b4 24. Ne2 Re6 25. c4 Rae8 26. b3 g6 27. Bg3 Bg7 28. Kd2 c5 29. Bf4 cxd4 30. Ng1 Kc6 31. Nf3 Nd7 32. Rad1 Nc5 33. Kc2 d3+ 34. Kb1 Re2 35. Rxe2 Rxe2 36. Rd2 Nxb3 37. Rxe2 dxe2 38. Kc2 Nd4+ 39. Nxd4+ Bxd4 40. Kd2 b3 0-1

[Event "Nijmegen RABO"]
[Site "Nijmegen"]
[Date "1982.02.13"]
[Round "2"]
[White "Enklaar, Bert F"]
[Black "Ree, Hans"]
[Result "1/2-1/2"]
[WhiteElo "2395"]
[BlackElo "2475"]
[PlyCount "100"]
[EventDate "1982.02.13"]
[EventType "tourn (rapid)"]
[EventRounds "7"]
[EventCountry "NED"]
[EventCategory "8"]
[SourceTitle "EXT 1998"]
[Source "ChessBase"]
[SourceDate "1997.11.17"]
[SourceVersion "1"]
[SourceVersionDate "1997.11.17"]
[SourceQuality "1"]

1. d4 d5 2. c4 c6 3. Nf3 Nf6 4. Nc3 e6 5. cxd5 exd5 6. Bg5 Be7 7. e3 Bf5 8. Bd3 Bxd3 9. Qxd3 Nbd7 10. 0-0 0-0 11. Rab1 a5 12. Qc2 Re8 13. Bf4 Nf8 14. a3 Ng6 15. Bg3 Nh5 16. b4 Nxg3 17. hxg3 Bd6 18. Rb3 Qe7 19. Rfb1 axb4 20. axb4 b5 21. Ne2 Rec8 22. Nc1 Nf8 23. Nd3 Nd7 24. Rc3 Ra6 25. Nfe1 h5 26. Nf4 Bxf4 27. gxf4 Nf6 28. Qf5 Rc7 29. f3 Ra2 30. Qe5 Qd8 31. f5 Re7 32. Qf4 Qe8 33. Kf1 Kh7 34. Rbc1 Rd2 35. Ra1 Rb2 36. Nc2 Nd7 37. Ra6 Nf6 38. Kg1 Rb1+ 39. Kh2 Rc1 40. Raxc6 Qa8 41. e4 Rxc2 42. Rxc2 dxe4 43. Rc8 Qa7 44. Qb8 Qxb8+ 45. Rxb8 e3 46. Re2 Nd5 47. Rc8 Nf4 48. Re1 Nd3 49. Re2 Nf4 50. Re1 Nd3 1/2-1/2

[Event "Nijmegen RABO"]
[Site "Nijmegen"]
[Date "1982.02.13"]
[Round "6"]
[White "Enklaar, Bert F"]
[Black "Reefschlaeger, Helmut"]
[Result "0-1"]
[WhiteElo "2395"]
[BlackElo "2405"]
[PlyCount "58"]
[EventDate "1982.02.13"]
[EventType "tourn (rapid)"]
[EventRounds "7"]
[EventCountry "NED"]
[EventCategory "8"]
[SourceTitle "EXT 1998"]
[Source "ChessBase"]
[SourceDate "1997.11.17"]
[SourceVersion "1"]
[SourceVersionDate "1997.11.17"]
[SourceQuality "1"]

1. d4 d5 2. c4 c6 3. Nf3 Nf6 4. Nc3 dxc4 5. a4 Bf5 6. e3 e6 7. Bxc4 Bb4 8. 0-0 0-0 9. Qe2 Nbd7 10. e4 Bg6 11. Bd3 Bh5 12. h3 c5 13. Na2 Ba5 14. Bg5 h6 15. Bh4 g5 16. Bg3 cxd4 17. Bd6 Re8 18. g4 Nxg4 19. hxg4 Bxg4 20. e5 f5 21. Rac1 Nf8 22. b4 Ng6 23. Qd1 Nf4 24. bxa5 Re7 25. Kh2 Qe8 26. Rh1 Qh5+ 27. Kg3 Bh3 28. Bf1 Qg4+ 29. Kh2 Bg2 0-1

[Event "Nijmegen RABO"]
[Site "Nijmegen"]
[Date "1982.02.13"]
[Round "4"]
[White "Enklaar, Bert F"]
[Black "Van Wijgerden, Cornelis"]
[Result "1-0"]
[WhiteElo "2395"]
[BlackElo "2425"]
[PlyCount "43"]
[EventDate "1982.02.13"]
[EventType "tourn (rapid)"]
[EventRounds "7"]
[EventCountry "NED"]
[EventCategory "8"]
[SourceTitle "EXT 1998"]
[Source "ChessBase"]
[SourceDate "1997.11.17"]
[SourceVersion "1"]
[SourceVersionDate "1997.11.17"]
[SourceQuality "1"]

1. d4 g6 2. e4 Bg7 3. Nf3 d6 4. Be2 Nf6 5. Nc3 0-0 6. 0-0 c6 7. h3 Qc7 8. Be3 e5 9. dxe5 dxe5 10. a4 Nh5 11. Bc4 Nf4 12. Re1 Be6 13. Bf1 Rd8 14. Qc1 a5 15. Ng5 Qe7 16. Bxf4 exf4 17. Nxe6 Qxe6 18. Qxf4 Nd7 19. Rad1 Bxc3 20. bxc3 Nb6 21. Rxd8+ Rxd8 22. Qc7 1-0